000
00353nam a2200121Ia 4500
008
151213s9999 xx 000 0 und d
245
_a
বঙ্কিম চন্দ্র অন্য ভাবনায়।
260
_a
ঢাকা
_b
স্রজন।
_c
2004
300
_a
8646 p.
650
_a
Bangla
650
_a
গল্প।
999
_c
4433
_d
4433